00396nam a2200133 a 450000100100000000500170001000800410002702000130006804000250008108200150010624500240012126000790014530000380022400003014520200930060100.0110503s2002 dr a 000 0 spa d z15605728 aDO-SdBNPbspacBNPHU axxxbM533a01aMemoria anual 2001. aSanto Domingo :bCentro para el Desarrollo Agropecuario y Forestal,c2002. a54 p. :bil., retrs. ;civ, 54 p.